| 000 | 00637nam a2200229 a 4500 | ||
|---|---|---|---|
| 005 | 20240228064232.0 | ||
| 008 | 160428s2007 es r 000 0 spa d | ||
| 020 | _a9788478649976 | ||
| 035 | _aUPN01000209909 | ||
| 049 | _aI | ||
| 050 | 4 |
_aPZ78 _bE8.96 2007 |
|
| 100 | 1 |
_aEspluga, María _935527 |
|
| 245 | 1 | 0 |
_aYo, marinero / _cMaría Espluga. |
| 250 | _a2a ed. | ||
| 260 |
_aMadrid : _bCombel, _c2007. |
||
| 300 |
_a[23] p. : _bprincipalmente il. col. |
||
| 440 | 0 | _aYo quiero ser | |
| 650 | 4 |
_aLiteratura infantil española _95892 |
|
| 650 | 4 |
_aLibros y lectura para niños _92290 |
|
| 905 | _aInfantil | ||
| 999 |
_c182010 _d182010 |
||